书目信息 |
| 题名: |
技术经济学
|
|
| 作者: | 刘秋华 主编 | |
| 分册: | ||
| 出版信息: | 北京 机械工业出版社 2005.01 |
|
| 页数: | 230页 | |
| 开本: | 20cm | |
| 丛书名: | ||
| 单 册: | ||
| 中图分类: | F062.4 | |
| 科图分类: | ||
| 主题词: | 经济学--分支科学 | |
| 电子资源: | ||
| ISBN: | 7-111-15287-5 | |
| 000 | 00546nam0 2200193 450 | |
| 001 | 0531272379 | |
| 005 | 20050701092804.12 | |
| 010 | @a7-111-15287-5@dCNY 19.00 | |
| 100 | @a20050615d2005 km y0chiy0120 ea | |
| 101 | 0 | @achi |
| 102 | @aCN@b110000 | |
| 200 | 1 | @a技术经济学@Aji shu jing ji xue@f刘秋华主编@Fliu qiu hua zhu bian |
| 210 | @a北京@c机械工业出版社@d2005.01 | |
| 215 | @a230页@d20cm | |
| 606 | 0 | @a经济学@x分支科学 |
| 690 | @aF062.4@v4 | |
| 701 | 0 | @a刘秋华@Aliu qiu hua@4主编 |
| 801 | 0 | @aCN@bPFT@c20050701 |
| 905 | @a10447@dF062.4@eL660 | |
| 技术经济学/刘秋华主编.-北京:机械工业出版社,2005.01 |
| 230页;20cm |
| ISBN 7-111-15287-5:CNY 19.00 |
| ● |
| 相关链接 |
|
|
|
正题名:技术经济学
索取号:F062.4/L660
 
预约/预借
| 序号 | 登录号 | 条形码 | 馆藏地/架位号 | 状态 | 备注 |
| 1 | 538188 | 205381889 | 社科库409/409社科库 65排1列2层/ [索取号:F062.4/L660] | 在馆 | |
| 2 | 538189 | 205381898 | 社科库409/409社科库 65排1列2层/ [索取号:F062.4/L660] | 在馆 | |
| 3 | 538190 | 205381905 | 社科二线422/422社科库 28排2列2层/ [索取号:F062.4/L660] | 在馆 |